| 000 | 00498nam a2200169 i 4500 | ||
|---|---|---|---|
| 001 | 87266 | ||
| 003 | ES-MaACL | ||
| 005 | 20230906175632.0 | ||
| 007 | t| | ||
| 008 | 041220s1971 sp ||||1| spa d | ||
| 100 | 1 |
_aKropff, Hanns F. J. _968894 |
|
| 245 | 1 | 0 |
_aInvestigación de motivaciones / _cH.F.J. Kropff ; [versión por Isidro Lliró]. |
| 260 |
_aMadrid : _bRialp, _c[1971] |
||
| 300 |
_a491 p. ; _c23 cm. |
||
| 700 | 0 |
_aLliró Jubert, Isidro. _972790 |
|
| 852 |
_aES-MaACL _jC-44166 _bR.79114 |
||
| 999 |
_c87266 _d87266 |
||